Personalmanagement
Guardado en:
| Autor principal: | |
|---|---|
| Formato: | Libro |
| Lenguaje: | alemán |
| Publicado: |
Landsberg am Lech
Moderne Industrie
1994
|
| Edición: | 1. Aufl. |
| Materias: | |
| Etiquetas: |
Sin Etiquetas, Sea el primero en etiquetar este registro!
|
MARC
| LEADER | 00000nam a2200000 4500 | ||
|---|---|---|---|
| 001 | c010216 | ||
| 005 | 20221214074635.9 | ||
| 020 | |a 3-478-39610-7 | ||
| 041 | 0 | |a ger | |
| 044 | |a DE | ||
| 245 | 1 | 0 | |a Personalmanagement |c Rolf Bühner |
| 250 | |a 1. Aufl. | ||
| 264 | 1 | |a Landsberg am Lech |b Moderne Industrie |c 1994 | |
| 300 | |a 487 s. | ||
| 610 | 2 | 0 | |a manažment personálny |
| 610 | 2 | 0 | |a riadenie podnikové |
| 610 | 2 | 0 | |a konkurencia |
| 610 | 2 | 0 | |a plánovanie personálne |
| 610 | 2 | 0 | |a marketing |
| 610 | 2 | 0 | |a logistika |
| 610 | 2 | 0 | |a kontroling |
| 100 | 1 | |a Bühner, Rolf | |